Health and welfare survey 1977

Guardado en:
Detalles Bibliográficos
Formato: Libro
Lenguaje:inglés
Publicado: Bangkok National Statistical Office 1977
Etiquetas: Agregar Etiqueta
Sin Etiquetas, Sea el primero en etiquetar este registro!

MARC

LEADER 00000nam a2200000 4500
001 c128473
005 20041019155243.6
041 0 |a eng 
044 |a TH 
245 1 0 |a Health and welfare survey 1977 
264 1 |a Bangkok  |b National Statistical Office  |c 1977 
300 |a 257 s.